Commercial airline study.

Saved in:
Bibliographic Details
Corporate Author: Sperry Rand (Corporation)
Format: Book
Language:English
Published: [New York] 1967.
Subjects:
Tags: Add Tag
No Tags, Be the first to tag this record!
LEADER 00524nam a22001937 4500
001 005240835-3
005 00000000000000.0
008 950130s1967 nyu 000 0 eng d
035 0 |a ocm82935372 
040 |a HBS  |c HBS 
110 2 |a Sperry Rand (Corporation) 
245 1 0 |a Commercial airline study. 
260 |a [New York]  |c 1967. 
300 |a 1 v. (various pagings)  |b illus. 
504 |a Includes bibliography. 
650 0 |a Air travel  |x Forecasting. 
650 0 |a Aeronautics, Commercial  |x Freight. 
988 |a 20020608 
906 |0 MH